Top 15 der betroffenen Covid-19-Länder - 24. November 2021 - Statistiken

Allgemein
  • Dieses Quiz wurde 33 mal gespielt
  • Das Durchschnittsergebnis liegt bei 15 aus 28
Antwortstatistiken
Land % Korrekt
Deutschland
93%
Vereinigte Staaten
93%
Brasilien
89%
Italien
89%
Russland
89%
Spanien
89%
Frankreich
82%
Mexiko
82%
Argentinien
79%
Indien
79%
Niederlande
61%
Vereinigtes Königreich
61%
Belgien
54%
Schweden
54%
Iran
46%
Tschechien
46%
Kolumbien
43%
Türkei
43%
Kroatien
39%
Indonesien
36%
Serbien
36%
Slowenien
29%
Estland
25%
Lettland
21%
Litauen
21%
Bahrain
11%
Georgien
11%
Israel
11%
Keine übereinstimmenden Quizze gefunden
Verteilung der Resultate
Anzahl Personen mit jedem Resultat
Perzentil nach korrekt beantworteten Fragen
Ihre Resultats-Entwicklung
Sie haben dieses Quiz noch nicht gespielt